Normal view
MARC view
- الحملة الصليبية الأولى ، 1096-1099
Entry Topical Term
001 - CONTROL NUMBER
- control field: 19495
003 - CONTROL NUMBER IDENTIFIER
- control field: JO-AjAnu
005 - DATE AND TIME OF LATEST TRANSACTION
- control field: 20230606073415.0
008 - FIXED-LENGTH DATA ELEMENTS
- fixed length control field: 230606|| aca||aabn | a|a d
040 ## - CATALOGING SOURCE
- Original cataloging agency: JO-AjAnu
- Transcribing agency: JO-AjAnu
150 ## - HEADING--TOPICAL TERM
- Topical term or geographic name entry element: الحملة الصليبية الأولى ، 1096-1099
670 ## - SOURCE DATA FOUND
- Source citation: Work cat.: (JO-AjAnu)10011: تاليف سميث جوناثان، ريلي؛ الشاعر، محمد فتحي مترجم, author 19494, الحملة الصليبية الأولى وفكرة الحروب الصليبية